000 00711nam a2200205 i 4500
001 28655
003 ES-MaACL
005 20250728030702.0
007 t|
008 030117s1980 sp ||||1| spa d
100 1 _aAzuar, Rafael.
_924371
245 1 0 _aAlicante y lo alicantino /
_cRafael Azuar.
260 _aAlicante :
_bConfederación Española de Cajas de Ahorros,
_c1980.
300 _a127 p. :
_bil. ;
_c22 cm.
490 1 _aPublicaciones de la Caja de Ahorros Provincial ;
_v74
710 2 _aConfederación Española de Cajas de Ahorros.
_93148
830 0 0 _aPublicaciones de la Caja de Ahorros Provincial de Alicante
_v74
_9186986
852 _aES-MaACL
_jL-440
999 _c28655
_d28655